| 000 | 00380pam a2200145 a 4500 | ||
|---|---|---|---|
| 020 |
_a978-81-317-0536-0 _c |
||
| 041 | _h | ||
| 082 | _a666.893 | ||
| 100 |
_aNeville A. M. & Brooks J.J. _eAuthor |
||
| 245 |
_aConcrete Technology _cNeville A. M. & Brooks J.J. _hTextual Documents |
||
| 250 | _a1st Ed. | ||
| 260 |
_bPearson Prentice Hall _c2013 |
||
| 300 | _a432 | ||
| 930 | _a1163 | ||
| 999 |
_c245118 _d245118 |
||